| 000 | 00583cam a22001932 4500 | ||
|---|---|---|---|
| 001 | 0000000476 | ||
| 005 | 20151217155801.0 | ||
| 008 | 070205s xx 000 0 eng d | ||
| 040 |
_aKABU _cKABU |
||
| 050 | 0 |
_aDT449 _b.Z274S25S25 |
|
| 100 | 1 |
_aSaid-Ruete, Rudolph. _@0000148683 |
|
| 245 | 1 | 0 |
_aSaid bin Sultan (1791-1856) : _bruler of Oman and Zanzibar. |
| 260 |
_aLondon : _bAlexander-Ouseley, _c1929. |
||
| 300 | _axvii, 200 p. | ||
| 651 | 0 |
_aZanzibar _xHistory. _@0000148679 |
|
| 908 | _a070205 | ||
| 950 | _@1 | ||
| 999 |
_c12341 _d12341 |
||